Principios de los sistemas dinámicos
Guardat en:
| Autor principal: | |
|---|---|
| Format: | Llibre |
| Idioma: | espanyol |
| Publicat: |
Santiago
Universidad de Chile
1980
|
| Matèries: | |
| Etiquetes: |
Afegir etiqueta
Sense etiquetes, Sigues el primer a etiquetar aquest registre!
|
MARC
| LEADER | 00000nam a2200000 a 4500 | ||
|---|---|---|---|
| 001 | UCY7681 | ||
| 003 | CL-VaPUC | ||
| 008 | 950616e19800000CL |||||||||||||||||spa|d | ||
| 082 | 0 | 4 | |a 302 |b JOH |2 21 |
| 100 | |a Johansen Bertoglio, Oscar |e author |9 590862 | ||
| 245 | 1 | 0 | |a Principios de los sistemas dinámicos |
| 300 | |a 315 p | ||
| 942 | |c BK | ||
| 945 | |d 19950616 00:00:00 |a cmena | ||
| 260 | |a Santiago |b Universidad de Chile |c 1980 | ||
| 650 | 0 | |a Comunidades |9 337024 | |
| 650 | 0 | |a Sistemas dinámicos |9 260496 | |
| 650 | 0 | |a Proceso de comunicación |9 332060 | |
| 650 | 7 | |a MECANIZACION |2 CL-VaPUC |9 266885 | |
| 650 | 0 | |a Comportamiento |9 308406 | |
| 650 | 0 | |a Naturaleza humana |9 308593 | |
| 650 | 0 | |a Sociedad contemporánea |9 337179 | |
| 583 | |a last modification |c 19950616 00:00:00 |k Rodrigo Vera | ||
| 999 | |c 235010 |d 235008 | ||
| 952 | |0 0 |1 0 |4 0 |6 302_000000000000000_JOH_1980 |7 0 |8 P |9 242090 |a BIBEDU |b BIBEDU |c BIBEDU_PB |d 2019-11-18 |i 1521004 |l 2 |o 302 JOH 1980 |p 1521004 |r 2024-01-25 |s 2022-03-27 |w 2019-11-18 |y BK |k EDU | ||